| 000 | 00581nam a2200205Ia 4500 | ||
|---|---|---|---|
| 005 | 20250508153924.0 | ||
| 008 | 008 250505s9999 xx 000 0 eng d | ||
| 037 | _aTextual | ||
| 040 |
_aFEDL _beng _cFEDL |
||
| 041 |
_aeng _2eng |
||
| 084 |
_a370.94, CUR _qFEDL |
||
| 100 |
_aCurtis S J _984117 |
||
| 245 | 0 | _aShort History of Educational Ideas | |
| 260 |
_aLondon, UK _bUniversity Tutorial Press Ltd. _c1953 |
||
| 300 | _axii,516p | ||
| 650 | _aEducation | ||
| 700 |
_a Boultwood M E A _9764682 |
||
| 942 |
_cTEXL _h370.94, CUR |
||
| 999 |
_c1346386 _d1346386 |
||